載入...

Food nutrition and poverty in India

書目詳細資料
主要作者: Rao, V K R V
格式: Printed Book
語言:Undetermined
English
出版: New Delhi Vikas publishing house Pvt Ltd 1985
主題:
LEADER 00540nam a2200157Ia 4500
008 140306s9999 xx 000 0 und d
041 |a eng 
082 |a 338.1  |b RAO/FO 
100 |a Rao, V K R V 
245 |a Food nutrition and poverty in India 
260 |a New Delhi  |b Vikas publishing house Pvt Ltd  |c 1985 
300 |a 154 
650 |a Agricultural economics 
942 |2 ddc  |c BK 
999 |c 112881  |d 112881 
952 |0 0  |1 0  |2 ddc  |4 0  |6 338_100000000000000_RAOFO  |7 0  |9 110681  |a KAUHCV  |b KAUHCV  |d 2004-04-07  |o 338.1 RAO/FO  |p KAU_HCV-21414  |r 2014-03-22  |w 2014-03-22  |y BK